000
00242nmm a2200085Ia 4500
008
220120s9999||||xx |||||||||||||||||und||
100
_a
Open source for you
245
0
_a
Fedora 30, workstation , puppy linux 8.0, Bionie pup
260
_c
2019, June
999
_c
140110
_d
140110